| 000 | 00513cam a2200193ua 4500 | ||
|---|---|---|---|
| 001 | 106 | ||
| 008 | 110318n ii |||gr||||Z||||||eng | ||
| 020 | _a81-8404-065-2 | ||
| 040 | _cMAIN | ||
| 082 | _a005 | ||
| 245 |
_aUnix/linux survival guide. _cBy Erik M. Keller. |
||
| 250 | _a1st. | ||
| 260 |
_aNew Delhi.: _bCharles River media, inc., _c2006. |
||
| 300 |
_axii, 290 p.: _bill.; _c20 cm.+ _eCD. |
||
| 653 | _aComputer science. | ||
| 653 | _aUnix/linux survival guide. | ||
| 700 | 0 | _aKeller, Erik M., | |
| 942 | _cBK | ||
| 999 |
_c96 _d96 |
||